[Event "ch-VIE Prelim"]
[Site "Hue VIE"]
[Date "2005.04.04"]
[Round "2"]
[White "Nguyen Anh Dung"]
[Black "Nguyen Thien Viet"]
[Result "1-0"]
[WhiteElo "2561"]
[BlackElo "2348"]

1.e4 c5 2.Nf3 d6 3.d4 cxd4 4.Nxd4 Nf6 5.Nc3 a6 6.Be3 e5 7.Nb3 Be6 8.Qd2 Be7
9.f3 O-O 10.O-O-O Qc7 11.g4 Nbd7 12.Kb1 b5 13.g5 Nh5 14.Ne2 Rfc8 15.Ng3 Nf4
16.h4 b4 17.Nf5 Bf8 18.Bxf4 exf4 19.Nfd4 a5 20.Nxe6 fxe6 21.Bh3 Re8 22.Qxf4 a4
23.Nd4 b3 24.cxb3 axb3 25.Nxb3 Qa7 26.Nc1 Nc5 27.Rh2 Kh8 28.Qe3 Reb8 29.h5 Qa5
30.Rc2 Rb3 31.Qe2 Rb6 32.Qe1 Qa3 33.Qc3 Qa7 34.h6 Ra6 35.b3 Rb8 36.Bf1 Rab6
37.Bc4 Qe7 38.Rg2  1-0

[Event "1st ch-SCG"]
[Site "Kopaonik SCG"]
[Date "2005.04.04"]
[Round "3"]
[White "Djukic,Ni"]
[Black "Arsovic,G"]
[Result "1-0"]
[WhiteElo "2509"]
[BlackElo "2419"]

1.e4 c5 2.Nf3 d6 3.d4 cxd4 4.Nxd4 Nf6 5.Nc3 a6 6.Be3 e5 7.Nb3 Be6 8.f3 Be7
9.Qd2 O-O 10.O-O-O Nbd7 11.g4 b5 12.g5 b4 13.Ne2 Ne8 14.f4 a5 15.f5 a4 16.fxe6 axb3
17.exf7+ Rxf7 18.Kb1 bxc2+ 19.Qxc2 Bxg5 20.Bxg5 Qxg5 21.Ng3 Nb6 22.Qb3 d5
23.Qxb4 Qd8 24.Bh3 Rf6 25.exd5 Ra4 26.Qc3 Qa8 27.Nh5 Rg6 28.a3 Nc4 29.Be6+ Kh8
30.Rhf1 Ned6 31.Rd3 Ne4 32.Qc2 Rg5 33.Qxa4  1-0

[Event "2nd K41 Int"]
[Site "Copenhagen DEN"]
[Date "2005.04.05"]
[Round "4"]
[White "Hermansson,E"]
[Black "Kongsted,H"]
[Result "1-0"]
[WhiteElo "2432"]
[BlackElo "2236"]

1.e4 c5 2.Nf3 d6 3.d4 cxd4 4.Nxd4 Nf6 5.Nc3 a6 6.Be3 e6 7.f3 b5 8.Qd2 Nbd7
9.g4 Nb6 10.a4 Nc4 11.Bxc4 bxc4 12.a5 Qc7 13.Na4 Nd7 14.O-O-O Rb8 15.h4 Bb7
16.Nb6 Be7 17.g5 Nxb6 18.axb6 Qd7 19.Qa5 O-O 20.h5 Rbc8 21.Qc3 f6 22.Rhg1 d5
23.Kb1 e5 24.Nf5 d4 25.Bxd4 exd4 26.Rxd4 Qe6 27.Nxg7 Qxb6 28.Nf5 Bc5 29.Qxc4+ Kh8
30.g6 Rc7 31.g7+ Rxg7 32.Rxg7 Bxd4 33.Rxb7 Qxb7 34.Qxd4 Qb5 35.Qd6 Qf1+ 36.Ka2 Qc4+
37.Ka3 Qf7 38.c4 a5 39.b3 Re8 40.c5 Re6 41.Qd8+ Qe8 42.Qxe8+ Rxe8 43.c6 Rc8
44.Ne7 Rc7 45.Ka4 Rxe7 46.Kxa5 Kg7 47.Kb6 Kh6 48.c7 Re8 49.b4 Kxh5 50.b5 Kg5
51.Kc6 h5 52.b6 h4 53.b7 h3 54.c8=Q  1-0

[Event "ch-VIE Prelim"]
[Site "Hue VIE"]
[Date "2005.04.05"]
[Round "4"]
[White "Nguyen Anh Dung"]
[Black "Nguyen Huynh Minh H"]
[Result "1-0"]
[WhiteElo "2561"]
[BlackElo "2195"]

1.e4 c5 2.Nf3 d6 3.d4 cxd4 4.Nxd4 Nf6 5.Nc3 a6 6.Be3 e5 7.Nb3 Be6 8.f3 Be7
9.Qd2 O-O 10.O-O-O Qc7 11.g4 Rc8 12.Kb1 Nbd7 13.g5 Nh5 14.Nd5 Bxd5 15.exd5 g6
16.Bh3 Bf8 17.Bg4 Nf4 18.Bxf4 exf4 19.Rhe1 a5 20.Nd4 Rd8 21.Nb5 Qc4 22.Bxd7 Rxd7
23.Nc3 Re7 24.Ne4 Rc7 25.Nf6+ Kh8 26.Re4 Qb5 27.Rde1 Rac8 28.a4 Qb6 29.Re8 Kg7
30.Nd7 Qa7 31.Nxf8 Rxc2 32.Qxf4  1-0

[Event "1st ch-SCG"]
[Site "Kopaonik SCG"]
[Date "2005.04.06"]
[Round "5"]
[White "Vuckovic,Bo"]
[Black "Arsovic,G"]
[Result "1-0"]
[WhiteElo "2529"]
[BlackElo "2419"]

1.e4 c5 2.Nf3 d6 3.d4 cxd4 4.Nxd4 Nf6 5.Nc3 a6 6.Be3 e5 7.Nb3 Be6 8.f3 h5
9.Qd2 Nbd7 10.O-O-O Rc8 11.Kb1 b5 12.h3 Qc7 13.f4 Be7 14.Be2 h4 15.Rhe1 Kf8
16.Bf3 g6 17.Nd5 Nxd5 18.exd5 Bf5 19.Re2 Bf6 20.Bg4 Bxg4 21.hxg4 exf4 22.Bxf4 Nb6
23.Na5 Na4 24.Qb4 Kg7 25.Bxd6 Qb6 26.Be5 Rhe8 27.Nc6 Bxe5 28.Rxe5 Rxe5 29.Nxe5 Qf2
30.Qd2 Qf6 31.Qd4 Re8 32.d6 Kg8 33.g5 Qe6 34.Ng4 Rd8 35.Nf6+ Kf8 36.Qxh4  1-0

[Event "1st ch-SCG"]
[Site "Kopaonik SCG"]
[Date "2005.04.08"]
[Round "7"]
[White "Pikula,D"]
[Black "Arsovic,G"]
[Result "1/2-1/2"]
[WhiteElo "2485"]
[BlackElo "2419"]

1.e4 c5 2.Nf3 d6 3.d4 cxd4 4.Nxd4 Nf6 5.Nc3 a6 6.Be3 e5 7.Nb3 Be6 8.Qd2 Be7
9.f3 O-O 10.O-O-O a5 11.Qf2 Nfd7 12.a4 Nc6 13.Kb1 Qb8 14.Nc1 Nb4 15.Nd5 Bd8
16.c3 Nxd5 17.exd5 Bf5+ 18.Ka1 Nc5 19.Bb5 Bb6 20.g4 Bg6 21.h4 h6 22.h5 Bh7
23.Qe2 Qd8 24.Rhg1  1/2-1/2

[Event "ch-RUS u18"]
[Site "Nojabrsk RUS"]
[Date "2005.04.08"]
[Round "3"]
[White "Garakov,M"]
[Black "Musaev,M"]
[Result "1/2-1/2"]
[WhiteElo "2359"]
[BlackElo "2192"]

1.e4 c5 2.Nf3 d6 3.d4 cxd4 4.Nxd4 Nf6 5.Nc3 a6 6.Be3 e5 7.Nb3 Be6 8.f3 Be7
9.Qd2 O-O 10.O-O-O Nbd7 11.g4 Qc7 12.Kb1 Rfc8 13.g5 Nh5 14.Nd5 Bxd5 15.exd5 Nb6
16.Rg1 Nc4 17.Bxc4 Qxc4 18.Na5 Qc7 19.Rg4 Bd8 20.Nb3 g6 21.Qd3 b5 22.Nd2 Qd7  1/2-1/2

[Event "2nd K41 Int"]
[Site "Copenhagen DEN"]
[Date "2005.04.09"]
[Round "8"]
[White "Hermansson,E"]
[Black "Pedersen,Ch"]
[Result "1/2-1/2"]
[WhiteElo "2432"]
[BlackElo "2396"]

1.e4 c5 2.Nf3 d6 3.d4 cxd4 4.Nxd4 Nf6 5.Nc3 a6 6.Be3 e5 7.Nb3 Be6 8.f3 Nbd7
9.g4 Nb6 10.g5 Nh5 11.Qd2 Be7 12.O-O-O Rc8 13.Kb1 O-O 14.Rg1 Qc7 15.Qf2 Bd8
16.Qd2 Be7 17.Qf2 Bd8 18.h4 g6 19.Rg2 Bh3 20.Rh2 Bxf1 21.Qxf1 Nc4 22.Bc1 Na3+
23.Ka1 Qc6 24.Qd3 Nc4 25.Nd5 a5 26.Kb1 b5 27.c3 Rb8 28.Na1 f6 29.gxf6 Bxf6
30.Nc2 Rf7 31.Nde3 Be7 32.Ng4 Kh8 33.Qe2 Bf8 34.Rd5 b4 35.cxb4 axb4 36.b3 Na3+
37.Nxa3 bxa3 38.Qd1 Nf4 39.Ra5 Ne6 40.Bxa3 Nd4 41.Rf2 h5 42.Nh2 Nxb3 43.axb3 Qc3
44.Rd5 Rxb3+ 45.Bb2 Rfb7 46.Rdd2 Qa5 47.Rd5 Qc3 48.Qc1 Qxc1+ 49.Kxc1 Bh6+  1/2-1/2

[Event "1st ch-SCG"]
[Site "Kopaonik SCG"]
[Date "2005.04.09"]
[Round "8"]
[White "Todorovic,GM"]
[Black "Kovacevic,A"]
[Result "0-1"]
[WhiteElo "2511"]
[BlackElo "2550"]

1.e4 c5 2.Nf3 d6 3.d4 cxd4 4.Nxd4 Nf6 5.Nc3 a6 6.Be3 e5 7.Nb3 Be7 8.f3 Be6
9.Qd2 O-O 10.O-O-O a5 11.a4 Nc6 12.g4 Nb4 13.Qf2 Qc8 14.g5 Nh5 15.Kb1 f5
16.gxf6 Nxf6 17.Rg1 Rf7 18.Bg5 Qc7 19.Rg2 Rc8 20.Qa7 Nc6 21.Qe3 Nb4 22.Qa7 Nc6
23.Qe3 Nb4 24.Nb5 Qd8 25.Nc1 Qf8 26.Qb6 Nc6 27.Rgd2 Nxe4 28.fxe4 Bxg5 29.Nxd6 Bxd2
30.Nxf7 Qxf7 31.Nb3 Qf3 32.Rxd2 Qxf1+  0-1

[Event "1st ch-SCG"]
[Site "Kopaonik SCG"]
[Date "2005.04.14"]
[Round "12"]
[White "Perunovic,Mil"]
[Black "Arsovic,G"]
[Result "1/2-1/2"]
[WhiteElo "2549"]
[BlackElo "2419"]

1.e4 c5 2.Nf3 d6 3.d4 cxd4 4.Nxd4 Nf6 5.Nc3 a6 6.Be3 e5 7.Nf3 Be7 8.Bc4 O-O
9.O-O Be6 10.Qe2 h6 11.Rfd1 Nbd7 12.Bb3 b5 13.a3 Qe8 14.Ne1 Nc5 15.Bxe6 fxe6
16.f3 Rc8 17.Nd3 Nxd3 18.Qxd3 Qc6 19.Rd2  1/2-1/2

[Event "ch-SCG w"]
[Site "Pancevo SCG"]
[Date "2005.04.18"]
[Round "1"]
[White "Mijovic,A"]
[Black "Benderac,A"]
[Result "0-1"]
[WhiteElo "2106"]
[BlackElo "2287"]

1.e4 c5 2.Nf3 d6 3.d4 cxd4 4.Nxd4 Nf6 5.Nc3 a6 6.Be3 e5 7.Nb3 Be6 8.f3 Nbd7
9.g4 h6 10.Qd2 b5 11.O-O-O Nb6 12.Qf2 Nfd7 13.Nd5 Bxd5 14.exd5 Nc4 15.Bxc4 bxc4
16.Nd2 c3 17.bxc3 Qa5 18.Ne4 Qxa2 19.Qe2 Rb8 20.Qd3 Rb5 21.c4 Rb4 22.Kd2 h5
23.g5 Qxc4 24.Qxc4 Rxc4 25.Ra1 f5 26.gxf6 Nxf6 27.Kd3 Rb4 28.Nxf6+ gxf6 29.Rxa6 Rg8
30.Rha1 f5 31.Ra8+ Kf7 32.R1a7+ Kg6 33.Re8 e4+ 34.Kc3 Bg7+ 35.Rxg7+ Rxg7
36.Kxb4 exf3 37.Re6+ Kf7 38.Bd4 Rg4 39.Kc3 Rxd4 40.Re1 f2 41.Rf1 Rf4 42.Kd3 Kf6
43.Ke3 Ke5 44.c3 h4 45.h3 Re4+ 46.Kd3 f4 47.Rxf2 Re3+ 48.Kd2 Rxh3 49.c4 Re3
50.Rg2 h3 51.Rg6 h2 52.Rh6 Ra3  0-1

[Event "Torch Real Estate Cup"]
[Site "Jinan CHN"]
[Date "2005.04.21"]
[Round "2"]
[White "Wei Chenpeng"]
[Black "Lin Weiguo"]
[Result "1/2-1/2"]
[WhiteElo "2406"]
[BlackElo "2448"]

1.e4 c5 2.Nf3 d6 3.d4 cxd4 4.Nxd4 Nf6 5.Nc3 a6 6.Be3 e5 7.Nb3 Be6 8.f3 Nbd7
9.g4 b5 10.Qd2 b4 11.Nd5 Bxd5 12.exd5 Nb6 13.Bxb6 Qxb6 14.O-O-O Be7 15.Bd3 O-O
16.Qe2 a5 17.Nd2 a4 18.Nc4 Qc5 19.Qe3 Rfc8 20.Rhe1 Nd7 21.Kb1 g6 22.f4 Bh4
23.Re2 Qxe3 24.Rxe3 exf4 25.Re4 Rc5 26.Be2 Nf6 27.Rxf4 Re8 28.Bf3 Nxd5 29.Rfd4 Ne3
30.Nxd6 Nxd1 31.Nxe8 Nf2 32.Nd6 Re5 33.Ne4 f5 34.Nxf2 Bxf2 35.Rd3 Kg7 36.a3 bxa3
37.Rxa3 Bc5 38.Rc3 Bd6 39.gxf5 gxf5 40.Ka2 Rb5 41.Rc4 Bxh2 42.Rxa4 Re5 43.c4 Kf6
44.b4 Kg5 45.c5 h5 46.c6 Re3 47.Ra3 Rxa3+ 48.Kxa3 Bc7 49.Ka4 h4 50.Kb5 Kf4
51.Bh1 Kg3 52.Ka6 f4 53.Kb7 Be5 54.b5 f3 55.Bxf3 Kxf3 56.b6 h3 57.c7 Bxc7
58.bxc7 Kg2  1/2-1/2

[Event "62nd ch-POL"]
[Site "Poznan POL"]
[Date "2005.04.21"]
[Round "1"]
[White "Czarnota,P"]
[Black "Bobras,P"]
[Result "1/2-1/2"]
[WhiteElo "2478"]
[BlackElo "2501"]

1.e4 c5 2.Nf3 d6 3.d4 cxd4 4.Nxd4 Nf6 5.Nc3 a6 6.Be3 e5 7.Nb3 Be6 8.f3 Be7
9.Qd2 O-O 10.O-O-O Nbd7 11.g4 b5 12.g5 b4 13.Ne2 Ne8 14.f4 a5 15.f5 a4 16.fxe6 axb3
17.exf7+ Rxf7 18.Kb1 bxc2+ 19.Kxc2 Nb6 20.Nc1 d5 21.exd5 Nd6 22.Kb1 Nbc4
23.Bxc4 Nxc4 24.Qe2 Nxe3 25.g6 hxg6 26.Qxe3 Bd6 27.Rhg1 Qc8 28.Qe4 Qf5 29.Rde1 Qxe4+
30.Rxe4 Rf4 31.Rge1  1/2-1/2

[Event "Torch Real Estate Cup"]
[Site "Jinan CHN"]
[Date "2005.04.22"]
[Round "3"]
[White "Wang Hao"]
[Black "Chen Fan"]
[Result "1/2-1/2"]
[WhiteElo "2484"]
[BlackElo "2354"]

1.e4 c5 2.Nf3 d6 3.d4 cxd4 4.Nxd4 Nf6 5.Nc3 a6 6.Be3 e5 7.Nb3 Be6 8.f3 h5
9.Nd5 Bxd5 10.exd5 Nbd7 11.Qd2 Rc8 12.Na5 Qc7 13.c4 g6 14.Be2 Bg7 15.O-O O-O
16.b4 b6 17.Nb3 h4 18.Rac1 Qb7 19.a4 Rb8 20.Rfd1 Nh5 21.Rb1 h3 22.a5 Nf4
23.g3 Nxe2+ 24.Qxe2 Rfc8 25.axb6 Nxb6 26.Na5 Qd7 27.Rbc1 Na4 28.Nc6 Rxc6
29.dxc6 Qxc6 30.b5 axb5 31.cxb5 Qxb5 32.Qxb5 Rxb5 33.Rc8+ Kh7 34.Rxd6 e4
35.fxe4 Nc3 36.Rd7 Nxe4 37.Rcc7 Rb1+ 38.Rc1 Rb3 39.Ba7 Kg8 40.Rc8+ Bf8 41.Kf1 Nxg3+
42.hxg3 Rb1+ 43.Ke2 h2 44.Rdd8 Re1+ 45.Kf2 Rf1+ 46.Kxf1 h1=Q+ 47.Bg1 Qh3+
48.Ke2 Qg4+ 49.Kf2 Qf5+ 50.Kg2 Qe4+ 51.Kf1 Qb1+ 52.Kf2 Qf5+ 53.Ke2 Qg4+ 54.Ke1 Qxg3+
55.Bf2 Qe5+ 56.Kf1 Qb5+ 57.Kg2 Qg5+ 58.Bg3 Qe7 59.Re8 Qa3 60.Bf2 Kg7 61.Bd4+ f6
62.Rc7+ Kh6 63.Bxf6 Qa2+ 64.Kh3 Qb3+ 65.Bc3 Bg7 66.Re3 Bxc3 67.Rexc3 Qe6+  1/2-1/2

[Event "Torch Real Estate Cup"]
[Site "Jinan CHN"]
[Date "2005.04.23"]
[Round "4"]
[White "Zhang Jilin"]
[Black "Huang Qian"]
[Result "1/2-1/2"]
[WhiteElo "2336"]
[BlackElo "2382"]

1.e4 c5 2.Nc3 d6 3.Nf3 Nf6 4.d4 cxd4 5.Nxd4 a6 6.Be3 e5 7.Nb3 Be6 8.f3 Be7
9.Qd2 Nbd7 10.Nd5 Nxd5 11.exd5 Bf5 12.Na5 Qc7 13.c4 Bg6 14.Be2 O-O 15.O-O Bf6
16.Rac1 b6 17.Nc6 a5 18.Bd3 Nb8 19.Bxg6 hxg6 20.Nxb8 Rfxb8 21.b3 Qd7 22.Rfd1 Bd8
23.a3 Rc8 24.Qd3 Kh7 25.Rb1 Kg8 26.Rd2 Rab8 27.b4 axb4 28.Rxb4 Ra8 29.Rdb2 Qa7
30.R2b3 Rab8 31.h3 Qa5 32.Kh2 Qa7 33.Rb5 f5 34.R3b4 Qe7 35.Bxb6 Bxb6 36.Rxb6 Rxb6
37.Rxb6 e4 38.fxe4 fxe4 39.Qg3 Rxc4 40.Qxd6 Qxd6+ 41.Rxd6 Ra4 42.Re6 Rxa3
43.Rxe4 Rd3 44.Re5 Kf7 45.h4 Kf6 46.Rg5 Rd2 47.Kg3 Rd4 48.Kh3 Rd1 49.g3 Rd2
50.Kg4 Rf2 51.h5 gxh5+ 52.Rxh5 g6 53.Rh7 Rd2 54.Rd7 Rd4+ 55.Kf3 Ke5 56.d6 Rxd6
57.Rxd6 Kxd6 58.Kf4 Ke6 59.Kg5 Kf7 60.Kh6 Kf6 61.g4 g5 62.Kh5 Kf7 63.Kxg5 Kg7
64.Kf5  1/2-1/2

[Event "Open"]
[Site "Metz FRA"]
[Date "2005.04.24"]
[Round "9"]
[White "Cheparinov,I"]
[Black "Shchekachev,A"]
[Result "0-1"]
[WhiteElo "2621"]
[BlackElo "2526"]

1.e4 c5 2.Nf3 d6 3.d4 cxd4 4.Nxd4 Nf6 5.Nc3 a6 6.Be3 Nc6 7.f3 e6 8.Qd2 Be7
9.O-O-O O-O 10.g4 Nxd4 11.Qxd4 Nd7 12.g5 Bxg5 13.Rg1 Bxe3+ 14.Qxe3 Qe7 15.f4 b5
16.Qd4 e5 17.Nd5 Qh4 18.fxe5 Nxe5 19.Nb6 Bg4 20.Rxg4 Nxg4 21.Nxa8 Rxa8 22.Be2 Nf2
23.Rg1 g6 24.a4 Nxe4 25.Kb1 Qxh2 26.Bd3 Nf2 27.Rf1 Nxd3 28.Qxd3 Qe5 29.Qf3 Rf8
30.a5 b4 31.Qc6 Qxa5 32.Qxd6 Qb5 33.Rh1 Rc8 34.Qh2 h5 35.Qf2  0-1

[Event "Torch Real Estate Cup"]
[Site "Jinan CHN"]
[Date "2005.04.25"]
[Round "6"]
[White "Lou Hongyu"]
[Black "Ding Linlin"]
[Result "0-1"]
[WhiteElo "2146"]
[BlackElo "2251"]

1.e4 c5 2.Nf3 d6 3.d4 cxd4 4.Nxd4 Nf6 5.Nc3 a6 6.Be3 e6 7.Be2 Be7 8.O-O Qc7
9.f4 Nc6 10.Kh1 O-O 11.a4 Re8 12.Bd3 e5 13.fxe5 dxe5 14.Nf5 Bxf5 15.Rxf5 Nb4
16.a5 Nxd3 17.cxd3 Bb4 18.Bg5 Bxc3 19.Bxf6 Bb4 20.Qg4 Bf8 21.Qg3 Rac8 22.Raf1 g6
23.h4 Bg7 24.Bxg7 Kxg7 25.h5 Re6 26.h6+ Kg8 27.Rxf7 Qxf7 28.Rxf7 Kxf7 29.d4 exd4
30.Qf2+ Rf6 31.Qxd4 Rc7 32.Qd5+ Re6 33.Qd8 Ree7 34.Qh8 Ke6 35.Qd4 Red7 36.Qe3 Ke5
37.g3 Rf7 38.Kg2 Rcd7 39.b4 Rc7 40.Qd3 Rcd7 41.Qc4 Rd2+ 42.Kh3 Rdd7 43.Kg4 Rfe7
44.Kf3 Kf6 45.Kf4 Re6 46.Qc3+ Ke7 47.Qh8 Rf6+ 48.Kg5 Rf7 49.Qe5+ Kd8 50.Qc5 Rde7
51.g4 Rc7 52.Qd6+ Rcd7 53.Qb6+ Ke7 54.e5 Rd5 55.Qxb7+ Ke6 56.Qxa6+ Kxe5 57.Kh4 Rf3
58.Qe2+ Kf4 59.Qh2+ Ke3 60.Qg1+ Ke4 61.Qe1+ Re3 62.Qh1+ Rf3 63.g5 Rd4 64.Qg1 Ke5+
65.Qxd4+ Kxd4  0-1

[Event "Open"]
[Site "Lenk SUI"]
[Date "2005.04.25"]
[Round "3"]
[White "Vuilleumier,A"]
[Black "Gallagher,Jo"]
[Result "0-1"]
[WhiteElo "2245"]
[BlackElo "2535"]

1.e4 c5 2.Nf3 d6 3.d4 cxd4 4.Nxd4 Nf6 5.Nc3 a6 6.Be3 e5 7.Nb3 Be6 8.f3 Nbd7
9.g4 Nb6 10.g5 Nh5 11.Qd2 Be7 12.O-O-O Rc8 13.Rg1 O-O 14.Kb1 g6 15.Nc1 Qc7
16.Nd5 Nxd5 17.exd5 Bf5 18.Bd3 Qd7 19.Ne2 f6 20.Ng3 Nxg3 21.Rxg3 fxg5 22.Bxg5 Bxd3
23.Qxd3 Bxg5 24.Rxg5 Qh3 25.Rdg1 Rxf3 26.Qe2 Rcf8 27.a3 Rf2 28.Qe4 Rf1+ 29.Rxf1 Qxf1+
30.Ka2 Rf4 31.Rxg6+ Kh8  0-1

[Event "62nd ch-POL"]
[Site "Poznan POL"]
[Date "2005.04.27"]
[Round "7"]
[White "Czarnota,P"]
[Black "Kempinski,R"]
[Result "0-1"]
[WhiteElo "2478"]
[BlackElo "2627"]

1.e4 c5 2.Nf3 d6 3.d4 cxd4 4.Nxd4 Nf6 5.Nc3 a6 6.Be3 e5 7.Nb3 Be6 8.f3 Be7
9.Qd2 O-O 10.O-O-O Nbd7 11.g4 Qc7 12.Kb1 b5 13.g5 Nh5 14.Nd5 Bxd5 15.exd5 Nb6
16.Rg1 g6 17.Rg4 Rab8 18.h4 f5 19.gxf6 Nxf6 20.Bxb6 Qxb6 21.Rg5 Nh5 22.Rxh5 gxh5
23.Bd3 Rf7 24.Na5 Kh8 25.Nc6 Rg8 26.Nxe7 Rxe7 27.Qh6 Qd8 28.Qxh5 Qf8 29.Be4 b4
30.a3 bxa3 31.b3 a5 32.Ka2 a4 33.b4 Qc8 34.Rb1 Rc7 35.Qf5 Qxf5 36.Bxf5 Rc3
37.Bd3 Rf8 38.Be4 Rb8 39.b5 Re3 40.b6 Kg7 41.Rb4 h6 42.Rb5 Kf6 43.Rb4 Ke7
44.Ka1 Kd8 45.Ka2 Kc8 46.Bf5+ Kb7 47.Bg4 Rc3 48.Bd7 Rxc2+ 49.Kxa3 Rc3+ 50.Ka2 Rxf3
51.h5 Rg8 52.Bc6+ Ka6 53.Rb2 Rb3  0-1

[Event "7th Rector Cup"]
[Site "Kharkiv UKR"]
[Date "2005.04.29"]
[Round "10"]
[White "Zakhartsov,V"]
[Black "Kovchan,A"]
[Result "1-0"]
[WhiteElo "2518"]
[BlackElo "2488"]

1.e4 c5 2.Nf3 d6 3.d4 cxd4 4.Nxd4 Nf6 5.Nc3 a6 6.Be3 e5 7.Nb3 Be6 8.f3 h5
9.Nd5 Bxd5 10.exd5 Nbd7 11.Qd2 Qc7 12.c4 a5 13.Rc1 b6 14.Be2 g6 15.O-O Bg7
16.Na1 O-O 17.Nc2 Nc5 18.Na3 Nh7 19.Nb5 Qe7 20.Bd1 f5 21.Bc2 g5 22.b3 g4
23.fxg4 f4 24.Bxc5 bxc5 25.Qd3 e4 26.Qxe4 Qxe4 27.Bxe4 hxg4 28.Nxd6 Bd4+
29.Kh1 Ng5 30.Bd3 g3 31.Rce1 Ra6 32.Nf5 Bf2 33.Re5 Kf7 34.Nxg3 fxg3 35.Rxg5 Ke7
36.Rh5 Raf6 37.hxg3 Bxg3 38.Bf5 Kd6 39.Rf3 Be5 40.g4 Bd4 41.Kg2 Re8 42.g5 Rff8
43.Rh6+ Ke5 44.Bd7 Rxf3 45.Kxf3 Rf8+ 46.Kg4 Rf4+ 47.Kh5 Rf2 48.Bh3 Rf3 49.Bg4 Rf1
50.d6 Rh1+ 51.Kg6 Rxh6+ 52.gxh6 Kxd6 53.Kf7  1-0

[Event "62nd ch-POL"]
[Site "Poznan POL"]
[Date "2005.04.30"]
[Round "9"]
[White "Jaracz,P"]
[Black "Kempinski,R"]
[Result "1/2-1/2"]
[WhiteElo "2530"]
[BlackElo "2627"]

1.e4 c5 2.Nf3 d6 3.d4 cxd4 4.Nxd4 Nf6 5.Nc3 a6 6.Be3 e5 7.Nb3 Be6 8.f3 Be7
9.Qd2 O-O 10.O-O-O Nbd7 11.g4 Qc7 12.Kb1 b5 13.g5 Nh5 14.f4 exf4  1/2-1/2

[Event "23rd Liechtenstein Open"]
[Site "Triesen LIE"]
[Date "2005.04.30"]
[Round "2"]
[White "Van der Weide,K"]
[Black "Wallis,A"]
[Result "1-0"]
[WhiteElo "2472"]
[BlackElo "2200"]

1.e4 c5 2.Nf3 d6 3.d4 cxd4 4.Nxd4 Nf6 5.Nc3 a6 6.Be3 e6 7.g4 h5 8.g5 Ng4
9.Bc1 b5 10.h3 Ne5 11.f4 Nec6 12.Be3 Bb7 13.Bg2 Nxd4 14.Qxd4 Nc6 15.Qd3 g6
16.O-O Be7 17.Nd5 exd5 18.exd5 Nb8 19.f5 gxf5 20.Qxf5 Bc8 21.Qxf7+ Kd7 22.g6 Qe8
23.g7 Rg8 24.Bg5  1-0

[Event "62nd ch-POL"]
[Site "Poznan POL"]
[Date "2005.05.01"]
[Round "10"]
[White "Szelag,M"]
[Black "Jaracz,P"]
[Result "0-1"]
[WhiteElo "2497"]
[BlackElo "2530"]

1.e4 c5 2.Nf3 d6 3.d4 cxd4 4.Nxd4 Nf6 5.Nc3 a6 6.Be3 e6 7.Be2 Qc7 8.O-O b5
9.a4 b4 10.Na2 Nxe4 11.c3 b3 12.Nb4 Be7 13.f4 Nf6 14.Bf3 Bb7 15.Qxb3 Bxf3
16.Rxf3 O-O 17.Rd1 Re8 18.f5 e5 19.Ndc2 Nbd7 20.Kh1 Qb7 21.a5 Rac8 22.Qa2 Bf8
23.Bg5 Rc5 24.Ne3 Qb5 25.Bxf6 Nxf6 26.Nbd5 Nxd5 27.Rxd5 Rxd5 28.Qxd5 Qxb2
29.f6 g6 30.Qc6 Rb8 31.h3 Qb5 32.Qc7 e4 33.Rf2 Re8 34.c4 Qb3 35.Qb6 Qd3 36.Rb2 h5
37.Rb3 Qe2 38.Qc6 Re5 39.Kh2 Qf2 40.Rb8 Qf4+ 41.Kh1 Qxe3 42.Rxf8+ Kxf8 43.Qxd6+ Kg8
44.Qxe5 Qc1+ 45.Kh2 Qxc4 46.Kg3 Qe6 47.Qb2 Qd6+ 48.Kf2 Qc5+ 49.Ke2 Qxa5 50.Qb8+ Kh7
51.Qf8 Qb5+ 52.Ke3 Qg5+ 53.Kxe4 Qxg2+ 54.Kd4 Qf2+ 55.Ke5 Qf5+  0-1

[Event "23rd Liechtenstein Open"]
[Site "Triesen LIE"]
[Date "2005.05.01"]
[Round "3"]
[White "Moes,W"]
[Black "Ferrari,J"]
[Result "1/2-1/2"]
[WhiteElo "2022"]
[BlackElo "2206"]

1.e4 c5 2.Nf3 d6 3.d4 cxd4 4.Nxd4 Nf6 5.Nc3 a6 6.Be3 e5 7.Nb3 Be6 8.f3 Be7
9.g4 Nbd7 10.g5 Nh5 11.Qd2 Qc7 12.O-O-O O-O 13.Kb1 b5 14.Qf2 Rfb8 15.Nd5 Bxd5
16.Rxd5 Nb6 17.Bxb6 Rxb6 18.h4 Nf4 19.Rd2 a5 20.Nc1 a4 21.Qe3 b4 22.Ne2 g6
23.Nxf4 exf4 24.Qd4 Bf8 25.Bc4 Bg7 26.Bxf7+ Kf8 27.Qd5 Rab8 28.Bg8 Rb5 29.Qe6 Re8
30.Qc4 Rc5 31.Qxb4 Rb8 32.Qxa4 Rxb2+ 33.Kc1 Kxg8 34.Qe8+ Bf8 35.Kxb2 Qg7+
36.Kb1 Qb7+ 37.Ka1 Qg7+ 38.Kb1 Qb7+ 39.Kc1 Re5 40.Qd8 Rb5 41.Rd3 Rb1+ 42.Kd2 Qb4+
43.Rc3 Rxh1 44.Qf6 Qa5 45.Qe6+ Kh8 46.Qc8 Kg8 47.Qe6+  1/2-1/2

[Event "Open A"]
[Site "Djakovo CRO"]
[Date "2005.05.02"]
[Round "2"]
[White "Sulc,D"]
[Black "Brkic,A"]
[Result "1-0"]
[WhiteElo "2301"]
[BlackElo "2477"]

1.e4 c5 2.Nf3 d6 3.d4 cxd4 4.Nxd4 Nf6 5.Nc3 a6 6.Be3 e5 7.Nb3 Be6 8.f3 Be7
9.Qd2 O-O 10.O-O-O Qc7 11.g4 Rc8 12.g5 Nh5 13.Kb1 Nd7 14.Nd5 Bxd5 15.exd5 g6
16.Rg1 Bf8 17.h4 Bg7 18.Bh3 a5 19.a3 Rd8 20.Bg4 a4 21.Nc1 Nb6 22.Bxb6 Qxb6
23.Bxh5 gxh5 24.Nd3 Rdc8 25.Rge1 Rc4 26.Re4 Rac8 27.Nb4 Qc5 28.c3 Kh8 29.Qe2 f5
30.gxf6 Bxf6 31.Nc2 Bxh4 32.Ne3 Rxe4 33.fxe4 Rg8 34.Nf5 Qf2 35.Qxh5 Rg2 36.Qe8+ Rg8
37.Qxa4 Rd8 38.Qc4 Bf6 39.Rh1 Qf3 40.Rf1 Qh3 41.Qe2 Bg5 42.Qd1 Qg2 43.Re1 Qd2
44.Qxd2 Bxd2 45.Rg1 Rd7 46.Kc2 Bf4 47.Kd3 h5 48.Ke2 Kh7 49.Kf3 b5 50.Ke2 Bh6
51.Rh1 Kg6 52.Ng3 Bg5 53.Rxh5 Bc1 54.b3 Rc7 55.Kd3 Bb2 56.c4 bxc4+ 57.bxc4 Ra7
58.Kc2 Bxa3 59.Rh8 Bc5 60.Nf5 Ra4 61.Kb3 Ra3+ 62.Kb2 Ra4 63.Kb3 Ra3+ 64.Kb2 Ra4
65.Rh6+ Kg5 66.Rxd6 Bxd6 67.Nxd6 Kf6 68.Kb3 Ra1 69.Kb4 Ke7 70.Kc5 Ra5+ 71.Nb5 Ra4
72.d6+ Ke6 73.Nc7+ Kd7 74.Kd5 Ra1 75.Kxe5 Rc1 76.Nd5 Kc6 77.Ke6 Rxc4 78.e5 Rd4
79.Ne7+ Kb7 80.Kd7 Kb6 81.e6 Kc5 82.Nc8  1-0

[Event "23rd Liechtenstein Open"]
[Site "Triesen LIE"]
[Date "2005.05.02"]
[Round "4"]
[White "Frick,R"]
[Black "Kohlweyer,B"]
[Result "0-1"]
[WhiteElo "2160"]
[BlackElo "2429"]

1.e4 c5 2.Nf3 d6 3.d4 cxd4 4.Nxd4 Nf6 5.Nc3 a6 6.Be3 e6 7.f3 b5 8.Qd2 Nbd7
9.g4 Bb7 10.g5 Nh5 11.O-O-O Rc8 12.Kb1 g6 13.Nce2 d5 14.exd5 Bxd5 15.Nc3 Bb4
16.Bg2 Bxc3 17.bxc3 O-O 18.Nb3 Nb6 19.Bd4 Qc7 20.Rhe1 Nc4 21.Qf2 Qxh2 22.Rh1 Qg3
23.Qxg3 Nxg3 24.Rh3 Nh5 25.Rdh1 e5 26.Bc5 Rfd8 27.Be7 Re8 28.Bb4 Rcd8 29.Kc1 Ne3
30.Bf1 Bxb3  0-1

[Event "Open A"]
[Site "Djakovo CRO"]
[Date "2005.05.03"]
[Round "4"]
[White "Sulc,D"]
[Black "Predojevic,B"]
[Result "0-1"]
[WhiteElo "2301"]
[BlackElo "2549"]

1.e4 c5 2.Nf3 d6 3.d4 cxd4 4.Nxd4 Nf6 5.Nc3 a6 6.Be3 e5 7.Nb3 Be6 8.f3 Nbd7
9.Qd2 Be7 10.O-O-O b5 11.g4 b4 12.Ne2 a5 13.Kb1 a4 14.Nbc1 O-O 15.g5 Ne8
16.f4 exf4 17.Nxf4 Bxg5 18.Qxb4 Bf6 19.Nxe6 fxe6 20.Qc4 Kh8 21.Qxe6 Rb8 22.b3 axb3
23.cxb3 Qa5 24.Qd5 Qa3 25.Bd4 Nb6 26.Qf5 Nc7 27.Qf2 Na4 28.Bc4 Qb4 29.Qc2 Bxd4
30.Rxd4 Nb5 31.Bxb5 Qxd4 32.bxa4 Rf2 33.Ne2 Rxe2 34.Qxe2 Qxa4 35.Ka1 Rxb5
36.Rd1 Rb8 37.Qd3 Ra8 38.Rd2 h6 39.Qd4 Qc6 40.Rd1 Qc2 41.Qd5 Qc3+  0-1

[Event "GM"]
[Site "Ostrava CZE"]
[Date "2005.05.03"]
[Round "4"]
[White "Rasik,V"]
[Black "Simacek,P"]
[Result "0-1"]
[WhiteElo "2464"]
[BlackElo "2421"]

1.e4 c5 2.Nf3 d6 3.d4 cxd4 4.Nxd4 Nf6 5.Nc3 a6 6.Be3 e6 7.f3 Be7 8.Qd2 Nc6
9.O-O-O O-O 10.g4 Nxd4 11.Bxd4 b5 12.h4 Nd7 13.g5 Qc7 14.h5 b4 15.Na4 Qa5
16.b3 Bxg5 17.f4 Bh6 18.Rg1 e5 19.Be3 exf4 20.Bxf4 Bxf4 21.Qxf4 Qxh5 22.Rd5 Ne5
23.Qf6 Bg4 24.Qxd6 Qh2 25.Qb6 Rac8 26.Rd2 Qf4 27.Qf2 Nf3 28.Rxg4 Qxg4 29.Be2 Qg1+
30.Qxg1 Nxg1 31.Bxa6 Rcd8 32.c4 Rxd2 33.Kxd2 Nf3+ 34.Ke3 Ng5 35.c5 Re8 36.c6 Ne6
37.Nb6 Nc7 38.Bc4 Kf8 39.Kd4 h5 40.Nd5 Ne6+ 41.Ke3 f5 42.Nxb4 Nc7 43.Nd5 Rxe4+
44.Kf3 Nxd5 45.Bxd5 Re8 46.Kf4 Ke7 47.Ke5 Ra8 48.a4 h4 49.b4 h3 50.c7 Rc8
51.b5 Rxc7 52.b6 Rc5 53.b7 Rxd5+ 54.Kxd5 h2 55.b8=Q h1=Q+ 56.Ke5 Qc1 57.Kd4 Qd2+
58.Kc4 Qc2+ 59.Kd5 Qd3+ 60.Kc6 Qc3+ 61.Kb7 Qb4+ 62.Kc8 Qxb8+ 63.Kxb8 f4 64.a5 f3
65.a6 f2 66.a7 f1=R 67.a8=Q Rf8+  0-1

[Event "ch-FRA Top 16 Poule Haute"]
[Site "Port Barcares FRA"]
[Date "2005.05.04"]
[Round "8"]
[White "Gallagher,Jo"]
[Black "Collas,D"]
[Result "1-0"]
[WhiteElo "2535"]
[BlackElo "2417"]

1.e4 c5 2.Nf3 d6 3.d4 Nf6 4.Nc3 cxd4 5.Nxd4 a6 6.Be3 e6 7.g4 e5 8.Nf5 g6
9.g5 gxf5 10.exf5 d5 11.gxf6 d4 12.Bc4 Qc7 13.Qd3 dxc3 14.O-O-O cxb2+ 15.Kb1 Nc6
16.f4 b5 17.Bd5 Bb7 18.Bb6 Qc8 19.Bxc6+ Bxc6 20.Rhe1 Bb4 21.Rxe5+ Kf8 22.Qd4  1-0

[Event "ch-FRA Top 16 Poule Basse"]
[Site "Port Barcares FRA"]
[Date "2005.05.06"]
[Round "10"]
[White "Kasimdzhanov,R"]
[Black "Rowson,J"]
[Result "1-0"]
[WhiteElo "2670"]
[BlackElo "2572"]

1.e4 c5 2.Nf3 d6 3.d4 Nf6 4.Nc3 cxd4 5.Nxd4 a6 6.Be3 Ng4 7.Bg5 h6 8.Bh4 g5
9.Bg3 Bg7 10.h3 Ne5 11.Be2 Nbc6 12.Nb3 b5 13.Nd5 Rb8 14.c3 Ng6 15.O-O e6
16.Ne3 Nf4 17.Re1 O-O 18.Qd2 Ne5 19.Rad1 Rb6 20.c4 bxc4 21.Nxc4 Nxc4 22.Bxc4 Be5
23.Nd4 Qf6 24.b3 Bb7 25.Qe3 d5 26.exd5 exd5 27.Bf1 Bxd4 28.Qxd4 Qxd4 29.Rxd4 Ne6
30.Rd2 a5 31.h4 Ra8 32.hxg5 hxg5 33.Bd3 a4 34.Bc2 axb3 35.Bxb3 Rb4 36.Be5 Ra6
37.Bc3 Rf4 38.Be5 Rb4 39.Re3 Rh4 40.Rg3 Rh6 41.f4 f6 42.fxg5 fxg5 43.Rf2 Rc6
44.Bb2 Rc7 45.Bc2 Rc4 46.Bf5 Kf7 47.Rb3 Bc6 48.Rb6 Ke7 49.Bd3 Rch4 50.Ba3+  1-0